Statystyki dla Państwa wysunięte najbardziej na północ

Kliknij tutaj aby rozwiązać quiz!

Ogólne statystyki

  • Ten quiz został rozwiązany 42 759 razy
  • Średni wynik to 18 z 20

Statystyki odpowiedzi

° NKraj% Poprawnych
81°51'Rosja
99%
83°06'Kanada
98%
80°49'Norwegia
98%
69°04'Szwecja
98%
57°45'Dania
97%
70°05'Finlandia
97%
54°50'Polska
96%
71°23'Stany Zjednoczone
96%
55°03'Niemcy
94%
59°48'Estonia
93%
56°27'Litwa
93%
58°05'Łotwa
93%
67°08'Islandia
91%
60°51'Wielka Brytania
91%
55°26'Irlandia
85%
56°08'Białoruś
84%
53°32'Holandia
81%
52°22'Ukraina
74%
55°06'Kazachstan
70%
53°34'Chiny
68%

Rozkład punktacji

Percentyl według liczby udzielonych odpowiedzi

Procent ludzi z każdym wynikiem

Twoja historia wyników

Nie rozwiązałeś tego quizu